02332 a2200253 450000500170000002000180001705000210003510000380005624501050009425000200019926400560021930000220027533600260029733700260032333800360034950000190038550400510040450504350045552009980089065000260188894200260191495201210194099900170206120250205081240.0 a978103231532400aKQ 370bNCU 20231 aNcube, Caroline Bongiwe,eauthor.10aIntellectual property law in Africa :bharmonising administration and policy /c[Caroline B. Ncube]. aSecond edition. 1aAbingdon, Oxon ;aNew York, NY :bRoutledge,c2023. a1 online resource atextbtxt2rdacontent acomputerbc2rdamedia aonline resourcebcr2rdacarrier aincludes index aIncludes bibliographical references and index.0 aIntellectual property and the public interest in Africa -- National IP policy frameworks in Africa -- Regional Economic Communities, trade and IP -- Sub-regional IP organisations -- Key considerations in the development of a continental IP system -- Continental IP co-operation : PAIPO -- Intellectual property in the African continental free trade area -- Harmony or discord? Lessons for the future African continental IP system. a"Examining the harmonisation of Intellectual Property policy, law and administration in Africa, this book evaluates the effectiveness of efforts to establish continental Intellectual Property institutions and frameworks. It also considers sub-regional initiatives led by the regional economic communities and the regional Intellectual Property organisations, focusing on relevant protocols and agreements that address Intellectual Property as well as the implementing institutions. The book assesses the progress of such initiatives with particular reference to the current socio-economic status of African states. It argues that that harmonisation initiatives need to be crafted in a way that is supportive of the developmental goals of African states and advocates for due consideration of individual states' unique conditions and aspirations. This book will be of great relevance to scholars and policy makers with an interest in Intellectual Property law and its harmonisation in Africa"-- 0aIntellectual property 2lcccBKh370iNCUkKQ 00104070aLLbLLcGENd2025-02-05edonation l0oKQ 370 NCU 2023p033809r2025-02-05 08:13:49tC.1w2025-02-05yBK c11439d11439